000 00417nam a2200181Ia 4500
001 19677
005 20260306172710.0
008 260306t2002||||xx |||||||||||||| ||spa||
041 _aESP
082 _a341
_bC68 V. 3
100 _aCarnelutti, Francesco
_eAUT
245 0 _aArte del derecho
260 _c2002
300 _a48 páginas :
_c28 cm.
650 _aGEN
654 _aCDE
942 _cLIB
_dJUS
_fJUS
_2ddc
_n
999 _c19677
_d19677